000 00299nam a2200121Ia 4500
008 191201s2014 xx 000 0 und d
100 _aSINGH,Vijay P
245 0 _aWater Resources System Operation
260 _aN. Delhi
_bAllied Pub
_c2014
300 _a572
650 _aB.Tech(CE)
942 _2ddc
_cBK
999 _c6313
_d6313